00480nam a22001577a 450000500170000001000150001702000260003203500140005803700130007208200150008510000190010024500920011926000400021127000500025130000210030120170526103407.0 aENG-118391 a9788129137432c295.00 aEN-101923 bDBAD/PUB a230.609547 a Haroon Khalid aIn search of shivabA study of folk religious practices in pakistan /cby Haroon Khalid aNew DelhibRoopa Publicationsc2015 a7/16, Ansari Road, Daryaganj New Delhi-110002 a245pc20cm.(pbk)